[Event "POR SuperCup 16th"]
[Site "Portugal"]
[Date "2009.11.14"]
[Round "?"]
[White "Guimaraes, Jorge"]
[Black "Hoffman, Alejandro"]
[Result "1/2-1/2"]
[WhiteElo "2242"]
[BlackElo "2426"]
[PlyCount "39"]
[EventDate "2009.11.14"]
[EventType "team-match"]
[EventRounds "1"]
[EventCountry "POR"]
[SourceTitle "EXT 2012"]
[Source "ChessBase"]
[SourceDate "2011.11.24"]
[SourceVersion "1"]
[SourceVersionDate "2011.11.24"]
[SourceQuality "1"]

1. d4 d5 2. Nf3 Nf6 3. g3 c6 4. Bg2 Bf5 5. 0-0 h6 6. c4 e6 7. Nc3 Nbd7 8. Nd2 Be7 9. e4 dxe4 10. Ndxe4 0-0 11. Bf4 Nxe4 12. Nxe4 Nf6 13. f3 Qb6 14. Rf2 Qa6 15. Nd6 Bxd6 16. Bxd6 Qxc4 17. Bxf8 Rxf8 18. Rd2 Rd8 19. Rc1 Qd5 20. Qb3 1/2-1/2

[Event "POR-chT 50th"]
[Site "Evora"]
[Date "2008.07.28"]
[Round "3"]
[White "Guimaraes, Jorge"]
[Black "Francisco, Luis"]
[Result "1-0"]
[WhiteElo "2238"]
[BlackElo "2007"]
[PlyCount "89"]
[EventDate "2008.07.26"]
[EventType "team-tourn"]
[EventRounds "9"]
[EventCountry "POR"]
[SourceTitle "EXT 2009"]
[Source "ChessBase"]
[SourceDate "2008.11.26"]
[SourceVersion "1"]
[SourceVersionDate "2008.11.26"]
[SourceQuality "1"]

1. d4 Nf6 2. Nf3 e6 3. c4 Bb4+ 4. Bd2 Bxd2+ 5. Nbxd2 d5 6. e3 0-0 7. Bd3 b6 8. Rc1 Bb7 9. Qc2 Na6 10. a3 c5 11. 0-0 Rc8 12. Qa4 Qd7 13. Qxd7 Nxd7 14. cxd5 exd5 15. Bf5 Rc7 16. dxc5 Ndxc5 17. b4 Ne6 18. Bxe6 fxe6 19. Rxc7 Nxc7 20. Rc1 Nb5 21. Nd4 Nxd4 22. exd4 Rc8 23. Rxc8+ Bxc8 24. Nf3 Kf7 25. Ne5+ Ke7 26. h4 Bd7 27. f3 Be8 28. Kf2 a5 29. Ke3 Kd6 30. Kf4 axb4 31. axb4 Ke7 32. g4 Kf6 33. Nd3 h5 34. g5+ Ke7 35. Ke5 g6 36. Nf4 Bf7 37. b5 Be8 38. Nxe6 Bxb5 39. Nc7 Be2 40. Nxd5+ Kf7 41. Nxb6 Bxf3 42. d5 Ke7 43. d6+ Kd8 44. Nd5 Be2 45. Nf4 1-0

[Event "POR-chT 48th"]
[Site "Evora"]
[Date "2006.07.28"]
[Round "7"]
[White "Rocha, Sergio MC"]
[Black "Guimaraes, Jorge"]
[Result "1-0"]
[WhiteElo "2401"]
[BlackElo "2275"]
[PlyCount "73"]
[EventDate "2006.07.22"]
[EventType "team"]
[EventRounds "9"]
[EventCountry "POR"]
[SourceTitle "CBM 113 Extra"]
[Source "ChessBase"]
[SourceDate "2006.09.14"]
[SourceVersion "1"]
[SourceVersionDate "2006.09.14"]
[SourceQuality "1"]

1. e4 e5 2. Nf3 Nf6 3. Nxe5 d6 4. Nf3 Nxe4 5. c4 d5 6. Nc3 Bc5 7. d4 Bb4 8. Qc2 0-0 9. Bd3 Nf6 10. 0-0 dxc4 11. Bxc4 Bg4 12. Ng5 Bxc3 13. bxc3 h6 14. f3 Bd7 15. Ne4 Bc6 16. Ng3 Nbd7 17. Bxh6 gxh6 18. Qg6+ Kh8 19. Qxh6+ Nh7 20. Bd3 f5 21. Nxf5 Qg5 22. Qxg5 Nxg5 23. h4 Ne6 24. g3 Ng7 25. Ne7 Rxf3 26. Rxf3 Bxf3 27. Re1 Bh5 28. Ng6+ Bxg6 29. Bxg6 Nf8 30. Bf7 Nf5 31. Kh2 Kg7 32. Bb3 Kf6 33. Rf1 Ng6 34. Bc2 Nge7 35. Bxf5 Nxf5 36. g4 Re8 37. Rxf5+ 1-0

[Event "POR-chT"]
[Site "Aveiro"]
[Date "2000.06.16"]
[Round "3"]
[White "Blalock, Rex E"]
[Black "Guimaraes, Jorge"]
[Result "1/2-1/2"]
[WhiteElo "2138"]
[BlackElo "2319"]
[PlyCount "87"]
[EventDate "2000.06.11"]
[EventType "team-swiss"]
[EventRounds "9"]
[EventCountry "POR"]
[SourceTitle "EXT 2001"]
[Source "ChessBase"]
[SourceDate "2000.11.22"]
[SourceVersion "1"]
[SourceVersionDate "2000.11.22"]
[SourceQuality "1"]

1. e4 c5 2. Nc3 Nc6 3. g3 g6 4. Bg2 Bg7 5. d3 e6 6. Be3 Nd4 7. Nce2 Ne7 8. c3 Nxe2 9. Nxe2 d6 10. 0-0 0-0 11. Qd2 Bd7 12. Bh6 Bc6 13. Bxg7 Kxg7 14. d4 cxd4 15. Nxd4 Qc7 16. f4 e5 17. f5 Ng8 18. Nxc6 bxc6 19. Rad1 Rad8 20. c4 f6 21. h4 Ne7 22. g4 h6 23. Rf3 d5 24. Rd3 d4 25. c5 Kh7 26. g5 gxf5 27. exf5 fxg5 28. hxg5 Nxf5 29. Be4 Kg8 30. Rh3 Rd7 31. gxh6 Kh8 32. Kh1 Rdf7 33. Rg1 Ne3 34. Qh2 Rf1 35. Rhg3 Qe7 36. h7 Rxg1+ 37. Rxg1 Rf1 38. Rxf1 Nxf1 39. Qh3 Qf8 40. Bxc6 Qf4 41. Bg2 Ng3+ 42. Kg1 Ne2+ 43. Kh1 Ng3+ 44. Kg1 1/2-1/2

[Event "Boavista Challenge"]
[Site "Porto"]
[Date "1998.12.12"]
[Round "10"]
[White "Galego, Luis"]
[Black "Guimaraes, Jorge"]
[Result "1/2-1/2"]
[WhiteElo "2425"]
[BlackElo "2305"]
[PlyCount "46"]
[EventDate "1998.12.03"]
[EventType "tourn"]
[EventRounds "11"]
[EventCountry "POR"]
[EventCategory "1"]
[SourceTitle "CBM 067 Extra"]
[Source "ChessBase"]
[SourceDate "1999.01.01"]
[SourceVersion "1"]
[SourceVersionDate "1999.01.01"]
[SourceQuality "1"]

1. d4 Nf6 2. Nf3 e6 3. Bg5 c5 4. c3 d5 5. e3 Nbd7 6. Nbd2 Be7 7. Bd3 0-0 8. 0-0 Re8 9. Qe2 Nf8 10. Ne5 N6d7 11. Bxe7 Qxe7 12. f4 f6 13. Nxd7 Bxd7 14. Nf3 Bc6 15. Rae1 Rad8 16. Kh1 Nd7 17. e4 dxe4 18. Bxe4 Bxe4 19. Qxe4 cxd4 20. Nxd4 Nf8 21. Re2 Qd7 22. Rfe1 Kf7 23. Qf3 Qd5 1/2-1/2

[Event "Boavista Challenge"]
[Site "Porto"]
[Date "1998.12.10"]
[Round "8"]
[White "Parcerias, Pedro"]
[Black "Guimaraes, Jorge"]
[Result "1/2-1/2"]
[WhiteElo "2255"]
[BlackElo "2305"]
[PlyCount "33"]
[EventDate "1998.12.03"]
[EventType "tourn"]
[EventRounds "11"]
[EventCountry "POR"]
[EventCategory "1"]
[SourceTitle "CBM 067 Extra"]
[Source "ChessBase"]
[SourceDate "1999.01.01"]
[SourceVersion "1"]
[SourceVersionDate "1999.01.01"]
[SourceQuality "1"]

1. e4 c5 2. f4 Nc6 3. Nf3 g6 4. g3 Bg7 5. Bg2 e6 6. 0-0 Nge7 7. d3 0-0 8. c3 d6 9. Be3 Rb8 10. d4 cxd4 11. cxd4 d5 12. e5 b6 13. Nc3 Ba6 14. Re1 Qd7 15. a3 Rfc8 16. Qa4 Bc4 17. Nd2 1/2-1/2

[Event "POR-chT"]
[Site "Portugal"]
[Date "1997.??.??"]
[Round "?"]
[White "Guimaraes, Jorge"]
[Black "Charneira, Hermenegildo"]
[Result "1/2-1/2"]
[WhiteElo "2310"]
[BlackElo "2235"]
[PlyCount "25"]
[EventDate "1997.??.??"]
[EventType "team"]
[EventRounds "2"]
[EventCountry "POR"]
[SourceTitle "EXT 2001"]
[Source "ChessBase"]
[SourceDate "2000.11.22"]
[SourceVersion "1"]
[SourceVersionDate "2000.11.22"]
[SourceQuality "1"]

1. Nf3 d6 2. d4 Bg4 3. e3 Nd7 4. Be2 Ngf6 5. c4 e5 6. Nc3 Be7 7. 0-0 0-0 8. b3 Re8 9. Bb2 c6 10. Qc2 Bf8 11. dxe5 dxe5 12. Rad1 Qc7 13. Nd2 1/2-1/2

[Event "POR-chT"]
[Site "Portugal"]
[Date "1997.??.??"]
[Round "?"]
[White "Guimaraes, Jorge"]
[Black "Santos, Carlos Pereira Dos"]
[Result "1/2-1/2"]
[WhiteElo "2310"]
[BlackElo "2340"]
[PlyCount "20"]
[EventDate "1997.??.??"]
[EventType "team"]
[EventRounds "2"]
[EventCountry "POR"]
[SourceTitle "EXT 2001"]
[Source "ChessBase"]
[SourceDate "2000.11.22"]
[SourceVersion "1"]
[SourceVersionDate "2000.11.22"]
[SourceQuality "1"]

1. e4 e5 2. Nf3 Nc6 3. Bc4 Nf6 4. Nc3 Be7 5. d3 d6 6. Bg5 0-0 7. h3 Na5 8. Bb3 Nxb3 9. axb3 Be6 10. 0-0 h6 1/2-1/2

[Event "Liga Gallega-chT"]
[Site "Orense"]
[Date "1997.??.??"]
[Round "5"]
[White "Rodriguez Cespedes, Amador"]
[Black "Guimaraes, Jorge"]
[Result "1/2-1/2"]
[WhiteElo "2555"]
[BlackElo "2310"]
[PlyCount "104"]
[EventDate "1997.??.??"]
[EventType "team"]
[EventRounds "9"]
[EventCountry "ESP"]
[SourceTitle "EXT 1999"]
[Source "ChessBase"]
[SourceDate "1998.11.16"]
[SourceVersion "1"]
[SourceVersionDate "1998.11.16"]
[SourceQuality "1"]

1. e4 c5 2. Nf3 Nc6 3. d4 cxd4 4. Nxd4 Nf6 5. Nc3 e5 6. Ndb5 d6 7. Bg5 a6 8. Na3 b5 9. Bxf6 gxf6 10. Nd5 Bg7 11. Bd3 Ne7 12. Nxe7 Qxe7 13. 0-0 0-0 14. c3 f5 15. Nc2 Bb7 16. exf5 d5 17. a3 Rfd8 18. Qh5 Rd6 19. Ne3 Rh6 20. Qe2 Kh8 21. Rfe1 Rd6 22. f6 Qxf6 23. Ng4 Qe7 24. Nxe5 Qxe5 25. Qxe5 Bxe5 26. Rxe5 d4 27. cxd4 Rxd4 28. Bf1 Bd5 29. Rae1 Be6 30. g3 Rc8 31. f4 Kg7 32. R5e2 h5 33. Rf2 Kf6 34. Be2 Bg4 35. Bxg4 hxg4 36. Kg2 Rcd8 37. Rc1 R8d6 38. h3 gxh3+ 39. Kxh3 Kg7 40. Rc3 b4 41. axb4 Rxb4 42. b3 a5 43. Ra2 Rd5 44. Kg4 Rdb5 45. Ra3 a4 46. bxa4 Ra5 47. Rc6 Rbxa4 48. Rxa4 Rxa4 49. Kg5 Ra5+ 50. f5 Rb5 51. g4 Ra5 52. Rb6 Rc5 1/2-1/2

[Event "La Coruna TH op"]
[Site "La Coruna"]
[Date "1995.??.??"]
[Round "6"]
[White "Glavina, Pablo"]
[Black "Guimaraes, Jorge"]
[Result "1-0"]
[WhiteElo "2390"]
[BlackElo "2335"]
[PlyCount "47"]
[EventDate "1995.07.??"]
[EventType "swiss"]
[EventRounds "9"]
[EventCountry "ESP"]
[SourceTitle "EXT 1997"]
[Source "ChessBase"]
[SourceDate "1996.11.15"]
[SourceVersion "1"]
[SourceVersionDate "1996.11.15"]
[SourceQuality "1"]

1. e4 c5 2. c3 Nf6 3. e5 Nd5 4. Nf3 Nc6 5. Bc4 e6 6. d4 cxd4 7. cxd4 d6 8. 0-0 Be7 9. Qe2 0-0 10. Qe4 Ndb4 11. exd6 Qxd6 12. Bf4 Qd7 13. Nc3 Rd8 14. Rad1 Nd5 15. Bg3 b6 16. Bd3 g6 17. Nxd5 Qxd5 18. Qe3 Bb7 19. Be4 Qd7 20. d5 exd5 21. Bxd5 Bc5 22. Qh6 Bf8 23. Qh4 Bg7 24. Bxc6 1-0

[Event "Aceimar op"]
[Site "Mondariz"]
[Date "1995.??.??"]
[Round "?"]
[White "Guimaraes, Jorge"]
[Black "Adla, Diego Gustavo"]
[Result "1/2-1/2"]
[WhiteElo "2335"]
[BlackElo "2435"]
[PlyCount "107"]
[EventDate "1995.??.??"]
[EventType "swiss"]
[EventRounds "9"]
[EventCountry "ESP"]
[SourceTitle "EXT 1997"]
[Source "ChessBase"]
[SourceDate "1996.11.15"]
[SourceVersion "1"]
[SourceVersionDate "1996.11.15"]
[SourceQuality "1"]

1. Nf3 c5 2. c4 g6 3. Nc3 Bg7 4. e3 Nf6 5. d4 0-0 6. Be2 d5 7. dxc5 Qa5 8. cxd5 Nxd5 9. Qxd5 Bxc3+ 10. Bd2 Rd8 11. Bxc3 Qxc3+ 12. bxc3 Rxd5 13. Rd1 Rxd1+ 14. Kxd1 Nd7 15. c6 bxc6 16. Nd4 Rb8 17. Kc2 Rb6 18. Rb1 c5 19. Rxb6 axb6 20. Nb3 Bb7 21. Bb5 Be4+ 22. Kd2 Ne5 23. f3 Bd5 24. e4 Be6 25. Kc2 g5 26. a4 f6 27. a5 Bxb3+ 28. Kxb3 bxa5 29. Ka4 Kf7 30. Kxa5 Ke6 31. Be2 Kd6 32. Kb5 e6 33. g3 Ng6 34. Kc4 f5 35. exf5 exf5 36. Kd3 Kd5 37. Bd1 Ne5+ 38. Kd2 Nc4+ 39. Ke2 Ke5 40. Bb3 Nb6 41. Bf7 f4 42. Kd3 h6 43. g4 Nc8 44. Bb3 Nd6 45. Bg8 Ne8 46. Bf7 Nf6 47. Kc4 Kd6 48. Kd3 Ke7 49. Bb3 Kd7 50. Bf7 Kd6 51. Bb3 Ke5 52. Bf7 Nd7 53. Be8 Nb6 54. Bf7 1/2-1/2

[Event "La Coruna TH op"]
[Site "La Coruna"]
[Date "1995.??.??"]
[Round "5"]
[White "Guimaraes, Jorge"]
[Black "Damljanovic, Branko"]
[Result "1/2-1/2"]
[WhiteElo "2335"]
[BlackElo "2555"]
[PlyCount "92"]
[EventDate "1995.07.??"]
[EventType "swiss"]
[EventRounds "9"]
[EventCountry "ESP"]
[SourceTitle "EXT 1997"]
[Source "ChessBase"]
[SourceDate "1996.11.15"]
[SourceVersion "1"]
[SourceVersionDate "1996.11.15"]
[SourceQuality "1"]

1. Nf3 Nf6 2. c4 e6 3. d4 b6 4. g3 Ba6 5. b3 b5 6. Bg2 Qc8 7. 0-0 bxc4 8. Ne5 Bb7 9. bxc4 Bxg2 10. Kxg2 Be7 11. Nc3 0-0 12. Rb1 c5 13. d5 d6 14. Nf3 Nbd7 15. Bg5 Nb6 16. Qd3 exd5 17. Nxd5 Nfxd5 18. cxd5 c4 19. Qe4 Bxg5 20. Nxg5 f5 21. Qe7 Nxd5 22. Qxd6 Nb6 23. a4 Rf6 24. Qd4 Qc6+ 25. Kg1 Nxa4 26. Rfc1 Nb6 27. Ra1 Qc7 28. Ra5 Re8 29. Rca1 Qd6 30. Qb2 h6 31. Nf3 Rc8 32. Qc3 Nd5 33. Qd4 Nb4 34. Qc3 a6 35. Nd4 Nd5 36. Qf3 Ne7 37. Nxf5 Nxf5 38. Rxf5 Rxf5 39. Qxf5 Rc5 40. Qc2 c3 41. Rd1 Qe6 42. Rd3 Qe5 43. Rd8+ Kf7 44. Rd7+ Kg8 45. Rd8+ Kf7 46. Rd7+ Kg8 1/2-1/2

[Event "Aceimar op"]
[Site "Mondariz"]
[Date "1995.??.??"]
[Round "?"]
[White "Guimaraes, Jorge"]
[Black "Frois, Antonio"]
[Result "1/2-1/2"]
[WhiteElo "2335"]
[BlackElo "2365"]
[PlyCount "22"]
[EventDate "1995.??.??"]
[EventType "swiss"]
[EventRounds "9"]
[EventCountry "ESP"]
[SourceTitle "EXT 2002"]
[Source "ChessBase"]
[SourceDate "2001.11.25"]
[SourceVersion "1"]
[SourceVersionDate "2001.11.25"]
[SourceQuality "1"]

1. Nf3 c6 2. e4 d5 3. exd5 cxd5 4. d4 Nf6 5. c3 g6 6. Bd3 Bg7 7. 0-0 0-0 8. Re1 Nc6 9. Nbd2 Bf5 10. Nf1 Bxd3 11. Qxd3 Ne4 1/2-1/2

[Event "EU-Cup 10th Group5"]
[Site "Asiag"]
[Date "1994.??.??"]
[Round "3"]
[White "Watzka, Horst"]
[Black "Guimaraes, Jorge"]
[Result "1-0"]
[WhiteElo "2340"]
[BlackElo "2330"]
[PlyCount "85"]
[EventDate "1994.??.??"]
[EventType "team-k.o."]
[EventRounds "3"]
[EventCountry "ITA"]
[SourceTitle "EXT 2020"]
[Source "ChessBase"]
[SourceDate "2019.10.17"]
[SourceVersion "1"]
[SourceVersionDate "2019.10.17"]
[SourceQuality "1"]
[WhiteTeam "Graz Merkur Versicherung"]
[BlackTeam "Porto Boavista"]
[WhiteTeamCountry "AUT"]
[BlackTeamCountry "POR"]

1. e4 c5 2. Nf3 Nc6 3. Bb5 Nf6 4. Qe2 a6 5. Bxc6 dxc6 6. h3 g6 7. 0-0 Bg7 8. Nc3 0-0 9. d3 b6 10. Be3 Ne8 11. Qd2 e5 12. Bh6 f6 13. Ne2 Ra7 14. Ne1 Bxh6 15. Qxh6 g5 16. Ng3 Rg7 17. Qh5 g4 18. hxg4 Bxg4 19. Qh4 Qd7 20. Kh2 f5 21. exf5 Nd6 22. Ne4 Nxe4 23. dxe4 Be2 24. Nf3 Bxf1 25. Rxf1 h5 26. Re1 Qd6 27. Kg1 Rf6 28. Qxh5 Kf8 29. Qh8+ Rg8 30. Qh2 Rh6 31. Qxe5 Qxe5 32. Nxe5 Rd6 33. Nf3 c4 34. g3 b5 35. Kg2 b4 36. e5 Rd5 37. Re4 Rc5 38. g4 a5 39. c3 Ke7 40. g5 Rb8 41. g6 a4 42. a3 bxa3 43. bxa3 1-0

[Event "POR-sf"]
[Site "Portugal"]
[Date "1993.??.??"]
[Round "2"]
[White "Almeida, Jose Tomas Resende"]
[Black "Guimaraes, Jorge"]
[Result "1-0"]
[WhiteElo "2235"]
[BlackElo "2310"]
[PlyCount "87"]
[EventDate "1993.??.??"]
[EventType "swiss"]
[EventRounds "9"]
[EventCountry "POR"]
[SourceTitle "EXT 1997"]
[Source "ChessBase"]
[SourceDate "1996.11.15"]
[SourceVersion "1"]
[SourceVersionDate "1996.11.15"]
[SourceQuality "1"]

1. e4 e5 2. Nf3 Nc6 3. Bc4 Nf6 4. d3 Be7 5. 0-0 0-0 6. c3 d6 7. h3 Bd7 8. Qe2 Qc8 9. Be3 Kh8 10. Nbd2 h6 11. d4 Nh7 12. dxe5 dxe5 13. Bd5 Bd6 14. Nc4 Be6 15. Rad1 f5 16. Bxc6 Bxc4 17. Qxc4 bxc6 18. exf5 Qxf5 19. Qg4 Qxg4 20. hxg4 g5 21. Nd2 Nf6 22. f3 a6 23. Nc4 Rad8 24. Bf2 Nd5 25. Rfe1 Rfe8 26. Kf1 Kg7 27. Bg3 Kf6 28. Nd2 Nf4 29. Ne4+ Kf7 30. Bxf4 exf4 31. Ke2 a5 32. Rd2 Re6 33. Kd1 Rde8 34. Kc2 Rb8 35. Red1 Ke7 36. c4 c5 37. Rd5 Re5 38. b3 Ke6 39. Rxe5+ Kxe5 40. Rd5+ Ke6 41. Nxc5+ Bxc5 42. Rxc5 Kd6 43. Rxa5 Re8 44. Rd5+ 1-0